Normal view
MARC view
Entry Topical Term
001 - CONTROL NUMBER
- control field: 39949
003 - CONTROL NUMBER IDENTIFIER
- control field: ARRUPE
005 - DATE AND TIME OF LATEST TRANSACTION
- control field: 20180301093844.0
008 - FIXED-LENGTH DATA ELEMENTS
- fixed length control field: 180301|| aca||aabn | a|a d
040 ## - CATALOGING SOURCE
- Original cataloging agency: ARRUPE
- Transcribing agency: ARRUPE
150 ## - HEADING--TOPICAL TERM
- Topical term or geographic name as entry element: Egypt
- General subdivision: History
- Chronological subdivision: To 322 BC
670 ## - SOURCE DATA FOUND
- Source citation: Work cat.: (ARRUPE)45255: Gardiner, Alan Henderson 39948, Egypt of the Pharaohs:, 1961